Регионална библиотека "Любен Каравелов" - Русе

Челюсти | Гигантската акула и малкия град (Запис номер 126183)

MARC детайли
000 -Лидер
Контролно поле с фиксирана дължина 01371nam a2200325 c 4500
003 - Код на организацията, давaща контролен номер
Контролно поле BLK
005 - Дата и час на последна редакция
Контролно поле 20250403151813.0
008 - Елементи от данни с фиксирана дължина
fixed length control field 180409b bul|||||r ||||||| ||bul||
010 ## - Наследен системен номер
LC control number KNG00131863000
040 ## - Източник на каталожния запис
Идентификатор на билиотеката - собственик на записа BLK
041 ## - Код за език
Код за езика на текст/звукозапис или на отделно заглавие Български
Код за езика КДБФ Български
080 ## - УДК
Текстов определител УДК Американска литература (на САЩ)
УДК код - определител по УДК 821.111(73)
УДК определител -31
УДК - код + определител 821.111(73)-31
100 1# - Редна дума - Автор
Автор Бенчли, Питър
Авторска отговорност първи автор
R(LIN) 38354
139 ## - Редно поле
Редна дума Бенчли, Питър
Авторски знак Бен - Б 37
245 10 - Сведения за заглавието
Заглавие Челюсти
Подзаглавни данни Роман
Редно поле (дума) Питър Бенчли; прев. от англ. Мария Донева; * Александър Мулярчик.
245 10 - Сведения за заглавието
Заглавие Гигантската акула и малкия град
Подзаглавни данни
Редно поле (дума) Александър Мулярчик
257 ## - Страна на издаване
Страна на създаване/издаване Съединени американски щати
260 ## - Област на издателските данни
-- София
Име на издателя, разпространителя и проч. Нар. култура
Година на издаване 1987
300 ## - Физическа характеристика
Страници 328 с.
Размери/Мащаб 17 см
380 ## - Жанр
Жанр Худож. лит.
500 ## - Общи забележки
Забележка Ориг. загл. Jaws / Peter Benchley. - 50 125 тир.
700 ## - Други автори (авторска отговорност)
Лично име Донева, Мария
Пълна форма на името Петрова, Мария Донева
Дати, свързани с автора 1974-
Друга информация Поетеса, детска писателка.
9 (RLIN) 365115
700 1# - Други автори (авторска отговорност)
Лично име Мулярчик, Александър
Автороска отговорност (Описва отношението между автора и произведението) *
9 (RLIN) 319909
852 ## - Местоположение
Форматна сигнатура Цб І 23207
856 4# - Електронен адрес и достъп
Електронен формат pdf - файл
Път до файла /url/
856 4# - Електронен адрес и достъп
Електронен формат pdf - файл
Път до файла /url/
942 ## - АРТИКУЛИ
Вид на библиотечния материал Книги
Скрит в OPAC Не
944 ## - СЪЗДАВАНЕ И РЕДАКЦИЯ на ЗАПИСА
Създаване/Редакция Създаване
Дата на регистрацията/редакция 03.07.2012
Статус, дата на статуса Геновева Генчева
Служител, извършил регистрацията/редакцията 30560
944 ## - СЪЗДАВАНЕ И РЕДАКЦИЯ на ЗАПИСА
Създаване/Редакция Редакция
Дата на регистрацията/редакция 03.07.2012
Статус, дата на статуса 03.07.2012 - от С1,Р / 03.07.2012
Служител, извършил регистрацията/редакцията
999 ## - СИСТЕМНИ КОНТРОЛНИ НОМЕРА
Koha biblionumber 126183
Koha biblioitemnumber 126183
Наличности
Код за отписване Код за изгубен артикул Източник на класификационната схема Код за повреда Коз за рестрикции Код за отдаване Артикулен № Име на библиотеката - собственик Име на библиотеката, в която се намира в момента Статус (Текущо местоположение) Дата на вписване в системата Местоположение - отдел Цена в лева Инвентарен номер Систематично азбучна сигнатура Баркод Номер на екземпляра Цена в евро Служебна бележка Служебен тип на артикула
  Не е изгубен Universal Decimal Classification Не е повреден без рестрикции ползва се в читалня 205272 Регионална библиотека "Любен Каравелов" Русе Регионална библиотека "Любен Каравелов" Русе Хранилище 1987-01-01 Хранилище 2.15 474672 Цб І 23207 120000474672 1 1.10 N: стар фонд Дата: 01.01.1987 Книги
Изтеглен Не е изгубен Universal Decimal Classification Не е повреден без рестрикции заемане за дома 205273 Регионална библиотека "Любен Каравелов" Русе Регионална библиотека "Любен Каравелов" Русе Заемна - подръчен фонд 1987-01-01 Заемна - подръчен фонд 2.15 474734 П 820(73)-31/Б 37 474734 2 1.10 N: стар фонд Дата: 01.01.1987 Книги
Изтеглен Не е изгубен Universal Decimal Classification Не е повреден без рестрикции заемане за дома 205274 Регионална библиотека "Любен Каравелов" Русе Регионална библиотека "Любен Каравелов" Русе Заемна - подръчен фонд 1987-01-01 Заемна - подръчен фонд 2.15 474735 П 820(73)-31/Б 37 474735 3 1.10 N: стар фонд Дата: 01.01.1987 Книги
Изтеглен Не е изгубен Universal Decimal Classification Не е повреден без рестрикции заемане за дома 205275 Регионална библиотека "Любен Каравелов" Русе Регионална библиотека "Любен Каравелов" Русе Заемна - подръчен фонд 1987-01-01 Заемна - подръчен фонд 2.15 474793 П 820(73)-31/Б 37 474793 4 1.10 N: стар фонд Дата: 01.01.1987 Книги
Изтеглен Не е изгубен Universal Decimal Classification Не е повреден без рестрикции заемане за дома 205276 Регионална библиотека "Любен Каравелов" Русе Регионална библиотека "Любен Каравелов" Русе Заемна - подръчен фонд 1987-01-01 Заемна - подръчен фонд 2.15 474795 П 820(73)-31/Б 37 474795 5 1.10 N: стар фонд Дата: 01.01.1987 Книги
Изтеглен Не е изгубен Universal Decimal Classification Не е повреден без рестрикции заемане за дома 205277 Регионална библиотека "Любен Каравелов" Русе Регионална библиотека "Любен Каравелов" Русе Заемна - подръчен фонд 1987-01-01 Заемна - подръчен фонд 2.15 474796 П 820(73)-31/Б 37 474796 6 1.10 N: стар фонд Дата: 01.01.1987 Книги
Изтеглен Не е изгубен Universal Decimal Classification Не е повреден без рестрикции заемане за дома 205278 Регионална библиотека "Любен Каравелов" Русе Регионална библиотека "Любен Каравелов" Русе Заемна - подръчен фонд 1987-01-01 Заемна - подръчен фонд 2.15 474797 П 820(73)-31/Б 37 474797 7 1.10 N: стар фонд Дата: 01.01.1987 Книги
Vip Innovations Ltd, Rousse, Bulgaria 2025